000 00822nam a2200277 4500
003 OSt
005 20260601193403.0
008 260506b2008 ge a|||| |||| 00| 0 eng d
040 _aICI
_bspa
_cICI
041 _aeng
050 _aNK957
_bM85
110 _aMujirushi Ryohin
_935230
245 1 _aMuji life /
_cMujirushi Ryohin
264 _aTokyo :
_bMUJI,
_c2008
300 _a152 páginas :
_bilustraciones a color
336 _atexto
_2rdacontent
337 _asin medio
_2rdamedia
338 _avolumen
_2rdacarrier
650 _aDiseño industrial
_zJapón
_935231
650 _aEstilo de vida
_zJapón
_935232
650 _aMinimalismo
_xDiseño
_935233
650 _aDiseño de productos
_zJapón
_935234
650 _aCultura del diseño
_935235
655 _2local
_aLibros ilustrados
_935236
942 _2lcc
_cB
_n1
999 _c21049
_d21049